Quantic love (Registro nro. 12978)

Detalles MARC
000 - LÍDER
campo de control de longitud fija 01867nam a22002537a 4500
003 - IDENTIFICADOR DE NÚMERO DE CONTROL
campo de control OSt
005 - FECHA Y HORA DE LA ÚLTIMA TRANSACCIÓN
campo de control 20210818181850.0
008 - ELEMENTOS DE DATOS DE LONGITUD FIJA - INFORMACIÓN GENERAL
campo de control de longitud fija 180130s2012 sp gr 000 f spa d
020 ## - INTERNATIONAL STANDARD BOOK NUMBER
International Standard Book Number 9788424641702
040 ## - FUENTE DE CATALOGACIÓN
Lenguaje de catalogación spa
Agencia de catalogación original COMFC
Descripción convenciones rda
041 ## - CÓDIGO DE LENGUAJE
Código de idioma de texto / pista de sonido o título separado spa
082 04 - NÚMERO DE CLASIFICACIÓN DECIMAL DEWEY
Número de clasificación 863
Número de artículo F363q
100 1# - ENTRADA PRINCIPAL - NOMBRE PERSONAL
9 (RLIN) 51184
Nombre de la persona Fernández Vidal, Sonia
245 10 - TÍTULO DECLARACIÓN
Título Quantic love
Declaración de responsabilidad Sonia Fernández Vidal
260 ## - PUBLICACIÓN, DISTRIBUCIÓN
Lugar de publicación Barcelona
Nombre del editor Luna Roja
-- La Galera
Fecha de publicación 2012
300 ## - DESCRIPCIÓN FÍSICA
Alcance 235 páginas
336 ## - TIPO DE CONTENIDO
Fuente rdacontent
Tipo de contenido txt
337 ## - TIPO DE MEDIO
Fuente rdamedia
Término del tipo de medio n
338 ## - TIPO DE PORTADOR
Fuente rdacarrier
Término del tipo de operador nc
505 ## - NOTA DE CONTENIDO FORMATEADA
Nota sobre el contenido formateado Quantic Love es la novela que resuelve la ecuación del amor. En el CERN, el centro de investigación más avanzado del mundo, entre experimentos de viajes en el tiempo y de teletransportación, entre partículas que superan la velocidad de la luz y otras que revelan el origen del Universo, la joven Laila se enfrenta al mayor misterio que existe: cómo decidir entre dos amores. Por un lado, Alessio, un atractivo periodista; y, por otro, Brian, un cerebral científico que oculta un gran secreto. Laila es una jóven sevillana con un único objetivo, trabajar durante el verano para poder pagarse su primer año en la universidad. Una vez allí conoce a Angie, su compañera de piso, que convierte un verano sacrificado y duro en algo inolvidable; un verano en el que conocerá a gente nueva que le abrirá nuevas fronteras y la harán sentirse como en casa. Amigos y compañeros con los que intentará resolver la ecuación del amor. Quantic Love es, en fin, una historia entretenida y original en la que los personajes están muy bien definidos y provocan empatía sincera con el lector. Un nuevo experimento de Sonia Fernandez Vidal vivo y divertido.
650 #0 - ENTRADA DE SUJETO AÑADIDO - TÉRMINO TÓPICO
9 (RLIN) 51185
Término tópico o elemento de entrada del nombre geográfico Novela Juvenil Española
650 #0 - ENTRADA DE SUJETO AÑADIDO - TÉRMINO TÓPICO
9 (RLIN) 24761
Término tópico o elemento de entrada del nombre geográfico Novela Amorosa
942 ## - ELEMENTOS DE ENTRADA AGREGADOS (KOHA)
Fuente de clasificación o esquema de estanterías Dewey Decimal Classification
Parte de clasificación 863 F363q
Prefijo del número de llamada 863
Sufijo del número de llamada F363q
Existencias
Estado de retirada Pérdida de estatus Fuente de clasificación o esquema de estanterías Estado dañado No para préstamo Código de recogida Ubicación permanente Ubicación actual Ubicación de las estanterías Fecha de adquisición Total de Cajas Número Topográfico Código de barras Precio efectivo desde Número de copia Fecha de la última salida Fecha de la última vez que se vio Tipo de artículo Koha
    Dewey Decimal Classification     General Biblioteca Pública Departamental Comfamiliar Risaralda Biblioteca Pública Departamental Comfamiliar Risaralda Área General 30/01/2018 7 863 F363q 1001996 30/01/2018 Ej. 1 26/07/2019 14/08/2019 Libro